| 000 | 00559cam a2200169 4500500 | ||
|---|---|---|---|
| 005 | 20260322013902.0 | ||
| 041 | _afre | ||
| 042 | _adc | ||
| 100 | 1 | 0 |
_aGuérin, Mathilde _eauthor |
| 700 | 1 | 0 |
_aSubra, Gilles _eauthor |
| 700 | 1 | 0 |
_aDrouet, Christophe _eauthor |
| 245 | 0 | 0 | _aApatite-based inorganic-organic particles for biomedical applications |
| 260 | _c2026. | ||
| 500 | _a4 | ||
| 786 | 0 | _nHealthcare technologies | - | 2026-03-05 | p. 4-4 | |
| 856 | 4 | 1 | _uhttps://stm.cairn.info/biomaterials--bdti42606210-in198-page-4?lang=en&redirect-ssocas=7080 |
| 999 |
_c1784421 _d1784421 |
||